Katarsis - Tavo Akys Lyrics - Statistics

General Stats
  • This quiz has been taken 72 times
  • The average score is 92 of 122
Answer Stats
Answer % Correct
akys
97%
tavo
97%
mato
73%
70%
mano
70%
skausmą
70%
tu
70%
tik
67%
jau
64%
jausmą
64%
ugnį
64%
akims
61%
didina
61%
dega
58%
nebijok
58%
duoda
55%
į
55%
kalbos
55%
saugot
55%
verkiu
55%
sapnuose
52%
griūti
48%
namai
48%
Tuščios
48%
liūtį
45%
pradeda
45%
akių
42%
pūti
39%
didžiausią
36%
36%
jie
36%
pradėjo
36%
visko
36%
pamatai
27%
ah
21%
No matching quizzes found
Score Distribution
Percent of People with Each Score
Percentile by Number Answered
Your Score History
You have not taken this quiz